000 02242nam a2200361 a 4500
001 2040297
003 AM-YEHGA
005 20260408122148.0
008 251114s2025 ai a|||gr|||||00||0barm|d
020 _a978-9939-897-45-5
040 _aAM-YEHGA
041 0 _aarm
_beng
245 0 0 _aՊատմութիւն Մեծին Աղեքսանդրի Մակեդոնացւոյ /
_cԲնագիրը հրատարակության պատրաստեցին, ծանոթագրեցին և առաջաբանը գրեցին Գոհար Մուրադյանը և Արամ Թոփչյանը ; Մատենադարան Մեսրոպ Մաշտոցի անվան հին ձեռագրերի ինստիտուտ․
246 0 3 _aՊատմություն Մեծին Ալեքսանդրի Մակեդոնացու
246 0 5 _aHistory of Alexander the Great of Macedon
246 0 5 _aΙστορία του Μεγάλου Αλεξάνδρου του Μακεδόνος
260 _aԵրևան ։
_b«Մատենադարան» հրատ․,
_fԶանգակ,
_c2025․
300 _a368 էջ ։
_b24 էջ ներդիր նկ․ ;
_c25 սմ․
490 0 _aՀայ միջնադարյան թարգմանական գրականություն
504 _aՏողատակում ծանոթագրություններ:
504 _aՀավելվածներ՝ էջ 346-349։
504 _aԲառացանկեր՝ էջ 350-357։
504 _aԳրականություն՝ էջ 360-366։
546 _aԱմփոփումը հայերեն և անգլերեն
600 0 4 _aԱլեքսանդր Մակեդոնացի,
_dմ.թ.ա. 356–323
_96110
650 1 4 _aՀին Հունաստանի պատմություն
_94640
650 1 4 _aՊատմագրություն
_xՀին Հունաստան
650 1 4 _aՊատմագիտություն, աղբյուրագիտություն
700 1 _aՄուրադյան, Գոհար Սարգսի,
_d1957-
_eկազմ․
_4com
_eծանոթագր․
_4ann
_eառաջաբ․ հեղ․
_4aui
_98743
700 1 _aԹոփչյան, Արամ Ստեփանի,
_d1962-
_ecom
_eann
_eaui
_4կազմ․
_4ծանոթագր․
_4առաջաբ․ հեղ․
_93359
710 2 _aՄատենադարան Մաշտոցի անվան հին ձեռագրերի ինստիտուտ
_95865
942 _2udc
_cBK
999 _c540423
_d540423